[Event "Venice Autumn op 16th"]
[Site "Venice"]
[Date "2010.10.31"]
[Round "2.11"]
[White "Bitossi, Massimo"]
[Black "Locci, Damiano"]
[Result "0-1"]
[WhiteElo "1936"]
[BlackElo "2153"]
[PlyCount "44"]
[EventDate "2010.10.30"]
[EventType "swiss"]
[EventRounds "5"]
[EventCountry "ITA"]
[SourceTitle "EXT 2011"]
[Source "ChessBase"]
[SourceDate "2010.11.26"]
[SourceVersion "1"]
[SourceVersionDate "2010.11.26"]
[SourceQuality "1"]

1. d4 d5 2. Nc3 e6 3. e4 Bb4 4. a3 Bxc3+ 5. bxc3 dxe4 6. Qg4 Nf6 7. Qxg7 Rg8 8. Qh6 Rg6 9. Qe3 c5 10. Bd2 Nc6 11. dxc5 e5 12. Ne2 Be6 13. Ng3 Ng4 14. Qe2 f5 15. f3 e3 16. fxg4 exd2+ 17. Qxd2 Qxd2+ 18. Kxd2 0-0-0+ 19. Ke1 Rxg4 20. Be2 Ra4 21. Rf1 f4 22. Ne4 Rxe4 0-1

[Event "Rome Elo op 2nd"]
[Site "Rome"]
[Date "2009.01.14"]
[Round "1"]
[White "Lorenzi, Bruno"]
[Black "Bitossi, Massimo"]
[Result "0-1"]
[WhiteElo "1700"]
[BlackElo "1971"]
[PlyCount "66"]
[EventDate "2009.01.14"]
[EventType "swiss"]
[EventRounds "7"]
[EventCountry "ITA"]
[SourceTitle "EXT 2011"]
[Source "ChessBase"]
[SourceDate "2010.11.26"]
[SourceVersion "1"]
[SourceVersionDate "2010.11.26"]
[SourceQuality "1"]

1. e4 Nf6 2. Nc3 d5 3. exd5 Nxd5 4. Nxd5 Qxd5 5. d3 Nc6 6. Nf3 Bg4 7. Be2 e5 8. 0-0 0-0-0 9. c4 Qd6 10. a3 Bxf3 11. gxf3 Nd4 12. Be3 Nxe2+ 13. Qxe2 Qxd3 14. Qxd3 Rxd3 15. Rfd1 Rxd1+ 16. Rxd1 b6 17. f4 e4 18. b4 f5 19. Rd5 g6 20. Bd4 Rg8 21. Be5 Bg7 22. Bxg7 Rxg7 23. h4 Rd7 24. Re5 Kd8 25. c5 c6 26. cxb6 axb6 27. Re6 Kc7 28. Rf6 c5 29. b5 Kb7 30. h5 c4 31. hxg6 hxg6 32. Rxg6 c3 33. Rc6 Rc7 0-1

[Event "Nichelino op"]
[Site "Nichelino"]
[Date "2008.10.03"]
[Round "2"]
[White "Moncelli, Giorgio"]
[Black "Bitossi, Massimo"]
[Result "0-1"]
[WhiteElo "2110"]
[BlackElo "1951"]
[PlyCount "58"]
[EventDate "2008.10.02"]
[EventType "swiss"]
[EventRounds "6"]
[EventCountry "ITA"]
[SourceTitle "CBM 126 Extra"]
[Source "ChessBase"]
[SourceDate "2008.11.05"]
[SourceVersion "1"]
[SourceVersionDate "2008.11.05"]
[SourceQuality "1"]

1. e4 Nf6 2. e5 Nd5 3. d4 d6 4. Nf3 g6 5. Bc4 Nb6 6. Bb3 Bg7 7. Qe2 0-0 8. 0-0 a5 9. c3 Bg4 10. Nbd2 dxe5 11. dxe5 a4 12. Bc2 e6 13. h3 Bf5 14. Ne4 h6 15. Be3 N6d7 16. g4 Bxe4 17. Bxe4 Nc6 18. Rfd1 Qe7 19. Qb5 Ncxe5 20. Nxe5 Nxe5 21. Bc5 Qg5 22. Qb4 Rfe8 23. Be3 Qh4 24. Bg2 h5 25. f4 Nf3+ 26. Bxf3 Qg3+ 27. Bg2 Qxe3+ 28. Kh1 hxg4 29. hxg4 a3 0-1

[Event "Bratto op-B 27th"]
[Site "Bratto"]
[Date "2007.08.28"]
[Round "5"]
[White "Autelitano, Bruno"]
[Black "Bitossi, Massimo"]
[Result "1/2-1/2"]
[WhiteElo "1754"]
[BlackElo "1892"]
[PlyCount "68"]
[EventDate "2007.08.24"]
[EventType "swiss"]
[EventRounds "8"]
[EventCountry "ITA"]
[SourceTitle "CBM 120 Extra"]
[Source "ChessBase"]
[SourceDate "2007.11.01"]
[SourceVersion "1"]
[SourceVersionDate "2007.11.01"]
[SourceQuality "1"]

1. d4 Nf6 2. Nf3 g6 3. Nbd2 d6 4. e4 Bg7 5. Bd3 Nbd7 6. 0-0 e5 7. c3 0-0 8. Re1 Re8 9. a4 a5 10. Nc4 exd4 11. cxd4 d5 12. e5 dxc4 13. exf6 Rxe1+ 14. Nxe1 Qxf6 15. Bxc4 Qxd4 16. Qxd4 Bxd4 17. Nf3 Bg7 18. Bf4 Nc5 19. Ng5 Be6 20. Nxe6 Nxe6 21. Bxe6 fxe6 22. Bxc7 Bxb2 23. Rb1 Rc8 24. Bxa5 Rc2 25. g3 Kf7 26. Kg2 Kf6 27. Bb6 e5 28. Be3 Kf5 29. Kf3 h5 30. h3 e4+ 31. Kg2 Ke5 32. Rd1 Rc4 33. Rb1 Rc2 34. Rd1 Rc4 1/2-1/2

[Event "Sant' Anna op 10th"]
[Site "Pisignano di Vernole"]
[Date "2007.08.10"]
[Round "6"]
[White "Bitossi, Massimo"]
[Black "Del Giudice, Stefano"]
[Result "0-1"]
[WhiteElo "1892"]
[BlackElo "2030"]
[PlyCount "62"]
[EventDate "2007.08.07"]
[EventType "swiss"]
[EventRounds "7"]
[EventCountry "ITA"]
[SourceTitle "EXT 2009"]
[Source "ChessBase"]
[SourceDate "2008.11.26"]
[SourceVersion "1"]
[SourceVersionDate "2008.11.26"]
[SourceQuality "1"]

1. d4 Nf6 2. Bf4 g6 3. e3 Bg7 4. Nf3 d6 5. Be2 0-0 6. 0-0 Nbd7 7. h3 c5 8. Nbd2 b6 9. a4 a6 10. c3 Bb7 11. Qb1 Re8 12. Rd1 Qc8 13. Bh2 e5 14. Nc4 Qc7 15. dxe5 dxe5 16. Nd6 Re6 17. Nxb7 Qxb7 18. Bc4 Ree8 19. Qa2 Re7 20. Ng5 Rf8 21. Qb3 h6 22. Nf3 Kh7 23. e4 Qxe4 24. Re1 Qb7 25. Nxe5 Nxe5 26. Rxe5 Rfe8 27. Rxe7 Rxe7 28. Rd1 Ne4 29. Bd5 Qa7 30. f3 c4 31. Qxc4 b5+ 0-1

[Event "Campobasso op 14th"]
[Site "Campobasso"]
[Date "2007.07.22"]
[Round "5"]
[White "De Leon Cultri Fascetti, Angelo"]
[Black "Bitossi, Massimo"]
[Result "1-0"]
[WhiteElo "2010"]
[BlackElo "1892"]
[PlyCount "111"]
[EventDate "2007.07.20"]
[EventType "swiss"]
[EventRounds "6"]
[EventCountry "ITA"]
[SourceTitle "EXT 2009"]
[Source "ChessBase"]
[SourceDate "2008.11.26"]
[SourceVersion "1"]
[SourceVersionDate "2008.11.26"]
[SourceQuality "1"]

1. d4 Nf6 2. Bg5 Ne4 3. Bf4 c5 4. f3 Nf6 5. dxc5 Nc6 6. e4 Qa5+ 7. Nc3 a6 8. Qd2 Qxc5 9. 0-0-0 b5 10. Be3 Qb4 11. Bb6 e6 12. a3 Qe7 13. Bc7 b4 14. axb4 Qxb4 15. Bd6 Bxd6 16. Qxd6 Qxd6 17. Rxd6 Ke7 18. Rd2 Rd8 19. Bc4 Bb7 20. Nge2 d6 21. Rhd1 Ne8 22. b3 Ne5 23. Bd3 Nc7 24. Kb2 d5 25. exd5 Nxd5 26. Be4 Nxc3 27. Nxc3 Bxe4 28. Nxe4 Rxd2 29. Rxd2 Rb8 30. Rd4 Rb5 31. c4 Rb6 32. Kc3 a5 33. Nc5 Rd6 34. Rxd6 Kxd6 35. Nb7+ Kc6 36. Nxa5+ Kb6 37. b4 g5 38. Kd4 f6 39. Nb3 h5 40. Nc5 Nc6+ 41. Kc3 Ne7 42. Nd7+ Kc6 43. Nxf6 h4 44. Ne4 Ng6 45. b5+ Kb6 46. Kb4 Nf4 47. c5+ Kc7 48. Nxg5 e5 49. g3 hxg3 50. hxg3 Ne2 51. g4 Nd4 52. Kc4 Kd7 53. c6+ Kd6 54. Ne4+ Kc7 55. g5 Ne6 56. Kd5 1-0

[Event "Campobasso op 14th"]
[Site "Campobasso"]
[Date "2007.07.21"]
[Round "4"]
[White "Bitossi, Massimo"]
[Black "Bottega, Antonio"]
[Result "1/2-1/2"]
[WhiteElo "1892"]
[BlackElo "1986"]
[PlyCount "61"]
[EventDate "2007.07.20"]
[EventType "swiss"]
[EventRounds "6"]
[EventCountry "ITA"]
[SourceTitle "EXT 2009"]
[Source "ChessBase"]
[SourceDate "2008.11.26"]
[SourceVersion "1"]
[SourceVersionDate "2008.11.26"]
[SourceQuality "1"]

1. d4 d5 2. Bf4 Nf6 3. e3 g6 4. Nf3 Bg7 5. Be2 c6 6. 0-0 Qb6 7. Qc1 0-0 8. c4 dxc4 9. h3 Be6 10. Nbd2 Nh5 11. Bg5 Re8 12. Nxc4 Bxc4 13. Qxc4 Nd7 14. b4 e5 15. dxe5 Nxe5 16. Nxe5 Rxe5 17. Bh4 Rae8 18. Bf3 Bf6 19. Bxf6 Nxf6 20. Rfd1 Ne4 21. Rd7 Ng5 22. Kh1 Qb5 23. Qxb5 Rxb5 24. a3 Nxf3 25. gxf3 Ree5 26. Rad1 c5 27. bxc5 Rexc5 28. Re7 Rf5 29. Kg2 Ra5 30. Rxb7 Rxa3 31. Rd8+ 1/2-1/2

[Event "Campobasso op 14th"]
[Site "Campobasso"]
[Date "2007.07.20"]
[Round "2"]
[White "Bitossi, Massimo"]
[Black "Di Lascio, Savino"]
[Result "1-0"]
[WhiteElo "1892"]
[BlackElo "2014"]
[PlyCount "67"]
[EventDate "2007.07.20"]
[EventType "swiss"]
[EventRounds "6"]
[EventCountry "ITA"]
[SourceTitle "EXT 2009"]
[Source "ChessBase"]
[SourceDate "2008.11.26"]
[SourceVersion "1"]
[SourceVersionDate "2008.11.26"]
[SourceQuality "1"]

1. d4 Nf6 2. Bf4 e6 3. Nf3 c5 4. e3 Nc6 5. Be2 d5 6. 0-0 Be7 7. Ne5 0-0 8. c3 Qb6 9. Qc1 Bd7 10. Nd2 Rfc8 11. Qb1 Be8 12. h3 Nxe5 13. dxe5 Nd7 14. Nf3 Nf8 15. Bd3 h6 16. Qc1 Bc6 17. Rd1 d4 18. Nh2 dxc3 19. bxc3 c4 20. Bc2 Rd8 21. Ng4 h5 22. Nh2 g5 23. Bg3 h4 24. Bxh4 gxh4 25. Rd4 Ng6 26. Ng4 Bg5 27. Nf6+ Bxf6 28. exf6 e5 29. e4 Nf4 30. Qd1 exd4 31. Qg4+ Ng6 32. Qg5 Be8 33. e5 d3 34. Qh6 1-0

[Event "Rome Primavera Accademia op"]
[Site "Rome"]
[Date "2007.05.12"]
[Round "2"]
[White "Bitossi, Massimo"]
[Black "Pecorari, Marcello"]
[Result "1/2-1/2"]
[WhiteElo "1878"]
[BlackElo "1942"]
[PlyCount "27"]
[EventDate "2007.05.11"]
[EventType "swiss"]
[EventRounds "5"]
[EventCountry "ITA"]
[SourceTitle "EXT 2010"]
[Source "ChessBase"]
[SourceDate "2010.11.25"]
[SourceVersion "1"]
[SourceVersionDate "2010.11.25"]
[SourceQuality "1"]

1. d4 f5 2. e4 fxe4 3. Nc3 Nf6 4. Bg5 e6 5. Nxe4 Be7 6. Bxf6 Bxf6 7. Nf3 b6 8. Bd3 Nc6 9. c3 Bb7 10. Qc2 Qe7 11. a4 a5 12. Bb5 g6 13. h4 0-0-0 14. 0-0-0 1/2-1/2

[Event "Genova Primavera op 10th"]
[Site "Genova"]
[Date "2007.03.23"]
[Round "1"]
[White "Grassi, Pietro"]
[Black "Bitossi, Massimo"]
[Result "1-0"]
[WhiteElo "2199"]
[BlackElo "1815"]
[PlyCount "45"]
[EventDate "2007.03.23"]
[EventType "swiss"]
[EventRounds "5"]
[EventCountry "ITA"]
[SourceTitle "EXT 2008"]
[Source "ChessBase"]
[SourceDate "2007.11.25"]
[SourceVersion "1"]
[SourceVersionDate "2007.11.25"]
[SourceQuality "1"]

1. e4 Nf6 2. e5 Nd5 3. d4 d6 4. f4 dxe5 5. fxe5 Nc6 6. Nf3 Bg4 7. Be2 e6 8. 0-0 Be7 9. Nc3 Nb6 10. Be3 Qd7 11. a4 Na5 12. b3 h6 13. Nd2 Bxe2 14. Qxe2 Nc6 15. Qf2 f5 16. exf6 Bxf6 17. Nde4 Bxd4 18. Rad1 Bxe3 19. Qxe3 Qe7 20. Nc5 e5 21. Nxb7 Rb8 22. Qe4 Qe6 23. Nc5 1-0